Catalog

Record Details

Catalog Search



Delikvence mládeže : trendy a souvislosti  Cover Image Book Book

Delikvence mládeže : trendy a souvislosti / Eva Moravcová, Zuzana Podaná, Jiří Buriánek a kol.

Summary:

Kapitoly rozebírají různé faktory související s delikvencí mládeže.

Record details

  • ISBN: 978-80-7387-860-3
  • Physical Description: 231 s. : il. ; 20 cm
  • Edition: Vyd. 1.
  • Publisher: Praha : Triton, 2015

Content descriptions

Bibliography, etc. Note:
Obsahuje bibliografii a bibliografické odkazy
Language Note:
Anglické resumé
Subject: kriminalita mládeže
juvenile delinquency
Genre: kolektivní monografie
collective monographs

Available copies

  • 1 of 1 copy available at Common Catalog SPOK.

Holds

  • 0 current holds with 1 total copy.
Show Only Available Copies
Location Call Number / Copy Notes Barcode Shelving Location Status Due Date
Jabok Library Soc-1.7.7/K 424480039634 Odborná literatura Available -

Electronic resources

Version of Resource: Obsah :


LDR 04492nam a2201225 a 4500
00124695
003CZ-PrJAB
00520170626080647.0
007ta
008150422s2015 xr a f 000 0 cze
015 . ‡acnb002695405
020 . ‡a978-80-7387-860-3 ‡q(brož.)
035 . ‡a(CZ PrSKC)nkc20152695405
035 . ‡a(OCoLC)910988923
040 . ‡aABA001 ‡bcze
0410 . ‡acze ‡beng
072 7. ‡a343.97 ‡xKriminologie ‡2Konspekt ‡918
080 . ‡a343.91-053.6 ‡2MRF
080 . ‡a(048.8:082) ‡2MRF
1001 . ‡aKrulichová, Eva ‡7jo2015869206 ‡4aut
24510. ‡aDelikvence mládeže : ‡btrendy a souvislosti / ‡cEva Moravcová, Zuzana Podaná, Jiří Buriánek a kol.
250 . ‡aVyd. 1.
260 . ‡aPraha : ‡bTriton, ‡c2015
300 . ‡a231 s. : ‡bil. ; ‡c20 cm
504 . ‡aObsahuje bibliografii a bibliografické odkazy
520 . ‡aKapitoly rozebírají různé faktory související s delikvencí mládeže.
546 . ‡aAnglické resumé
65007. ‡akriminalita mládeže ‡7ph115013 ‡2czenas
65009. ‡ajuvenile delinquency ‡2eczenas
655 7. ‡akolektivní monografie ‡7fd501537 ‡2czenas
655 9. ‡acollective monographs ‡2eczenas
7001 . ‡aPodaná, Zuzana, ‡d1980- ‡7jx20081001016 ‡4aut
7001 . ‡aBuriánek, Jiří, ‡d1950- ‡7xx0000384 ‡4aut
85641. ‡uhttp://tridistri.cz/inshop/files/978-80-7387-860-3/Delikvence_obsah.pdf ‡yObsah : ‡4N
910 . ‡aABG312
901 . ‡a24695 ‡b ‡c24695 ‡tbiblio

Additional Resources